000 00834nam a2200229Ia 4500
008
090 _aRC667 CAR
090 _aMAIN
_c(29362)
245 1 0 _aCardiovascular Prescribing Guide.
246 1 3 _aPDR 1999 cardiovascular Prescribing Guide.
250 _a3. ed.
260 _aMontvale, NJ :
_bMedical Economics Co.,
_cc1999.
300 _a476 p. :
_bill. ;
_c23 cm.
505 0 _aACE Inhibitors-- Alpha/Beta Adrenergic Blockers--Angiotensin II Receptors Antagonists--Beta Blockers-- Calcium Channel Blockers--Cholesterol Reducing Agents--Diuretics.
650 0 _aCardiovascular system
_xDiseases
_vHandbooks, manuals, etc.
907 _a.b10252265
_b24-04-08
_c02-10-07
003
005 20230120203954.0
040 _cNUST
049 _aMAIN
942 _cBOOKS
_kRC667 CAR
_kMAIN
999 _c114846
_d114846